| 000 | 00000nam 2200000zi 4500 |
| 001 | 9.931371 |
| 003 | CaOODSP |
| 005 | 20240202105525 |
| 006 | m o d f |
| 007 | cr ||||||||||| |
| 008 | 231212t20232023onc o f000 0 fre d |
| 020 | |a9780660692845 |
| 040 | |aCaOODSP|bfre|erda|cCaOODSP |
| 043 | |an-cn--- |
| 086 | 1 |aT94-32/2023F-PDF |
| 245 | 00|aInitiative de recherche et de connaissances guide du demandeur : |bappel de propositions 2023 : recherche et solutions concernant les besoins du Canada en matière de logement et d'infrastructure. |
| 264 | 1|aOttawa (Ontario) : |bInfrastructure Canada, |c2023. |
| 264 | 4|c©2023 |
| 300 | |a1 ressource en ligne (9 pages) |
| 336 | |atexte|btxt|2rdacontent/fre |
| 337 | |ainformatique|bc|2rdamedia/fre |
| 338 | |aressource en ligne|bcr|2rdacarrier/fre |
| 500 | |aTitre de la couverture. |
| 500 | |aPublié aussi en anglais sous le titre : Research and Knowledge Initiative applicant guide. |
| 650 | 6|aInfrastructure (Économie politique)|zCanada|xFinances. |
| 710 | 1 |aCanada. |bInfrastructure Canada, |eorganisme de publication. |
| 775 | 08|tResearch and Knowledge Initiative applicant guide : |w(CaOODSP)9.931370 |
| 795 | |tL’Initiative de recherche et de connaissances : |w(CaOODSP)9.902289 |
| 856 | 40|qPDF|s534 Ko|uhttps://publications.gc.ca/collections/collection_2024/infc/T94-32-2023-fra.pdf |